[Event "turkeys on parade :  1200 to 1400"]
[Site "SchemingMind.com"]
[Date "2007.09.14"]
[Round "-"]
[White "Manfred Kraut"]
[Black "lame wolf"]
[Result "1-0"]
[WhiteCountry "GER"]
[BlackCountry "INT"]
[WhiteElo "1304"]
[WhiteRD "80"]
[BlackElo "1228"]
[BlackRD "54"]
[GameID "120709"]

1. c4 c5 2. Nc3 Nf6 3. g3 Nc6 4. e4 e6 5. Bg2 Rb8 6. Nf3 e5 7. O-O Qa5 8. a3 Nd4 9. Nxd4 exd4 10. Nd5 Nxd5
11. exd5 d6 12. d3 Be7 13. Bd2 Qc7 14. Qa4+ Bd7 15. Qxa7 O-O 16. Ba5 Qc8 17. Qb6 Bf5 18. Rfe1 Bd8 19. Qb5 Bxa5 20. Qxa5 Bxd3
21. Qd2 Qf5 22. b4 Bxc4 23. bxc5 Bxd5 24. cxd6 Rfe8 25. Rxe8+ Rxe8 26. Qxd4 Bxg2 27. Kxg2 h5 28. d7 Rd8 29. Rd1 g5 30. Qd5 Qxd7
31. Qxd7
1-0

[Event "turkeys on parade :  1200 to 1400"]
[Site "SchemingMind.com"]
[Date "2007.09.14"]
[Round "-"]
[White "lame wolf"]
[Black "Manfred Kraut"]
[Result "0-1"]
[WhiteCountry "INT"]
[BlackCountry "GER"]
[WhiteElo "1228"]
[WhiteRD "54"]
[BlackElo "1304"]
[BlackRD "80"]
[GameID "120710"]

1. b4 e6 2. a3 Nf6 3. d4 d5 4. e3 Nc6 5. c4 dxc4 6. Bxc4 Be7 7. b5 Na5 8. Qe2 Nxc4 9. Qxc4 Ne4 10. Nd2 Nd6
11. Qb3 c6 12. bxc6 bxc6 13. Qc3 Nb5 14. Qd3 Ba6 15. a4 Nc7 16. Ba3 Bxd3 17. Bxe7 Qxe7 18. Ngf3 Qb4
0-1

[Event "turkeys on parade :  1200 to 1400"]
[Site "SchemingMind.com"]
[Date "2007.09.21"]
[Round "-"]
[White "Qetyria"]
[Black "lame wolf"]
[Result "1-0"]
[WhiteCountry "USA"]
[BlackCountry "INT"]
[WhiteElo "1238"]
[WhiteRD "94"]
[BlackElo "1157"]
[BlackRD "48"]
[GameID "121697"]

1. e3 d5 2. c4 dxc4 3. Bxc4 c6 4. Qf3 e6 5. e4 Qf6 6. Nh3 Qxf3 7. gxf3 Bd6 8. Nc3 e5 9. Ng5 Nh6 10. d4 Be6
11. d5 cxd5 12. exd5 Bd7 13. Be3 O-O 14. O-O-O Bf5 15. f4 exf4 16. Rd4 Nc6 17. dxc6 fxe3 18. cxb7 exf2 19. bxa8=Q Rxa8 20. Rxd6 g6
21. Rf1 Ng4 22. Rfd1 Nxh2 23. Rh1 h6 24. Bd5 f1=Q+ 25. Rxf1 Nxf1 26. Nxf7 Re8 27. Nd8+ Kg7 28. Nf7 Ne3 29. Bb3 a5 30. Nd8 g5
31. Ba4 Re7 32. Ra6 g4 33. Nc6 Re6 34. Rxa5 Nc4 35. Rxf5 g3 36. Rf1 g2 37. Rg1 Ne3 38. Bb3 Rxc6 39. Re1 Rg6 40. a4 g1=Q
41. Rxg1
1-0

[Event "turkeys on parade :  1200 to 1400"]
[Site "SchemingMind.com"]
[Date "2007.09.21"]
[Round "-"]
[White "Qetyria"]
[Black "Manfred Kraut"]
[Result "1-0"]
[WhiteCountry "USA"]
[BlackCountry "GER"]
[WhiteElo "1278"]
[WhiteRD "84"]
[BlackElo "1246"]
[BlackRD "67"]
[GameID "121698"]

1. e3 e5 2. d4 e4 3. Bc4 Nf6 4. f3 d5 5. Bb3 Bb4+ 6. c3 Ba5 7. fxe4 Nxe4 8. Qe2 O-O 9. Nf3 Bg4 10. Qb5 b6
11. Qxd5 Qxd5 12. Bxd5 c6 13. Bxe4 b5 14. b4 Bc7 15. d5 cxd5 16. Bxd5 Na6 17. a4 bxa4 18. Ng5 h6 19. Bxf7+ Rxf7 20. Nxf7 Kxf7
21. O-O+ Kg6 22. Rxa4 Nb8 23. Rf4 Bxf4 24. exf4 Nc6 25. Ra6 Bd7 26. b5 Bc8 27. bxc6 Bxa6 28. Na3 Rc8 29. h4 Rxc6 30. g4 Rxc3
31. f5+ Kf6 32. Bb2 Be2 33. Bxc3+ Kf7 34. Nb5 Bxb5 35. g5 hxg5 36. hxg5 g6 37. f6 Bc4 38. Bd4 a5 39. Kf2 Ke8 40. Ke3 Kd7
41. Bc5 Kc6 42. Kd4 Kb5 43. Ba3 Bf7 44. Ke5 Ka4 45. Bc1 Kb3 46. Kd6 a4 47. Ke7 a3 48. Bxa3
1-0

[Event "turkeys on parade :  1200 to 1400"]
[Site "SchemingMind.com"]
[Date "2007.09.21"]
[Round "-"]
[White "lame wolf"]
[Black "Qetyria"]
[Result "0-1"]
[WhiteCountry "INT"]
[BlackCountry "USA"]
[WhiteElo "1228"]
[WhiteRD "54"]
[BlackElo "1312"]
[BlackRD "106"]
[GameID "121699"]

1. Nf3 Nc6 2. e4 e5 3. d4 exd4 4. Nxd4 Qf6 5. Be3 Bc5 6. c3 h5 7. Qf3 Nxd4 8. Bd3 Nxf3+ 9. gxf3 Qxf3 10. Nd2 Qxh1+
11. Bf1 b6 12. Bxc5 bxc5 13. h3 Ba6 14. c4 d5 15. exd5 O-O-O 16. b3 Rh6 17. Ke2 c6
0-1

[Event "turkeys on parade :  1200 to 1400"]
[Site "SchemingMind.com"]
[Date "2007.09.21"]
[Round "-"]
[White "Manfred Kraut"]
[Black "Qetyria"]
[Result "0-1"]
[WhiteCountry "GER"]
[BlackCountry "USA"]
[WhiteElo "1246"]
[WhiteRD "67"]
[BlackElo "1278"]
[BlackRD "84"]
[GameID "121700"]

1. c4 d5 2. d4 dxc4 3. e4 Nf6 4. e5 Ne4 5. Bxc4 e6 6. Nf3 Qf6 7. Bg5 Qf5 8. Qa4+ c6 9. O-O a6 10. b4 b5
11. Qa5 f6 12. exf6 gxf6 13. Bh4 c5 14. Bxb5+ Bd7 15. Bxd7+ Nxd7 16. dxc5 Ne5 17. Nxe5 fxe5 18. b5 Nxc5 19. b6 Nb7 20. Qa4+ Kf7
21. Qd7+ Kg8 22. Qxb7 Re8 23. Qxa6 h5 24. Nd2 Bc5 25. b7 Rf8 26. Rab1 Rb8 27. Ne4 Qxe4 28. Qxe6+ Kh7 29. Bg5 Rxb7 30. Rxb7+ Qxb7
31. Rc1 Bf8 32. Qxe5 Bg7 33. Rc7 Qb1+ 34. Rc1 Qd3 35. Qe7 Rf8 36. g3 Qf3 37. Rc2 Qd1+ 38. Kg2 Qxc2 39. Kh3 Qxf2 40. a4 Qf5+
41. Kg2= Qf1#
0-1

[Event "turkeys on parade :  1200 to 1400"]
[Site "SchemingMind.com"]
[Date "2007.09.25"]
[Round "-"]
[White "Fred Fanelli"]
[Black "lame wolf"]
[Result "1-0"]
[WhiteCountry "USA"]
[BlackCountry "INT"]
[WhiteElo "1389"]
[WhiteRD "117"]
[BlackElo "1228"]
[BlackRD "54"]
[GameID "122161"]

1. c4 d5 2. cxd5 Qxd5 3. Nc3 Qd8 4. e4 e5 5. Bc4 Qg5 6. Qf3 Qf6 7. d3 Qxf3 8. Nxf3 f6 9. O-O Nc6 10. Be3 Nge7
11. Rfd1 Bg4 12. d4 Rd8 13. d5 Nb8 14. Rd3 c5 15. Rad1 f5 16. Bg5 fxe4 17. Nxe4 Bxf3 18. Rxf3 h6 19. Bh4 g5 20. Bg3 g4
21. Nf6+ Kf7 22. Nxg4+ Ke8 23. Nxe5 Nd7 24. Nf7 b5 25. Bxb5
1-0

[Event "turkeys on parade :  1200 to 1400"]
[Site "SchemingMind.com"]
[Date "2007.09.25"]
[Round "-"]
[White "Fred Fanelli"]
[Black "Qetyria"]
[Result "1-0"]
[WhiteCountry "USA"]
[BlackCountry "USA"]
[WhiteElo "1575"]
[WhiteRD "85"]
[BlackElo "1238"]
[BlackRD "94"]
[GameID "122163"]

1. c4 e5 2. Nc3 Qf6 3. Nd5 Qf5 4. Nxc7+ Kd8 5. Nxa8 Bc5 6. e3 Nf6 7. d4 Ng4 8. Nf3 Bb4+ 9. Bd2 Be7 10. a3 d5
11. Ba5+ b6 12. Nxb6 axb6 13. Bxb6+ Kd7 14. h3 Nf6 15. Nxe5+ Ke8 16. Bd3 Ne4 17. Qf3 Qe6 18. c5 f6 19. Bb5+ Nd7 20. Nd3 Ng5
21. Qf4 Ne4 22. Qb8 Kf7 23. Qf4 g5 24. Qg4 f5 25. Qf3 Rg8 26. Bxd7 Qxd7 27. Ne5+ Ke8 28. Qh5+ Rg6 29. Nxd7 Kxd7 30. Qxh7 Re6
31. Qxf5 Ba6 32. c6+ Kd6 33. Bc5+ Kxc6 34. Qxe6+ Bd6 35. Rc1 Kb5 36. Bxd6 Nxd6 37. Qxd6
1-0

[Event "turkeys on parade :  1200 to 1400"]
[Site "SchemingMind.com"]
[Date "2007.09.25"]
[Round "-"]
[White "lame wolf"]
[Black "Fred Fanelli"]
[Result "0-1"]
[WhiteCountry "INT"]
[BlackCountry "USA"]
[WhiteElo "1228"]
[WhiteRD "54"]
[BlackElo "1389"]
[BlackRD "117"]
[GameID "122164"]

1. Nf3 d5 2. d4 c5 3. dxc5 Nc6 4. e4 d4 5. Bb5 Bd7 6. Na3 e6 7. b4 Nxb4 8. Qxd4 Nc6 9. Bxc6 Bxc6 10. Qxd8+ Rxd8
11. Nd2 Bxc5 12. O-O Bxa3 13. Nc4 Bc5 14. e5 Ne7 15. Bg5 Rd4 16. Ne3 h6 17. Bxe7 Kxe7 18. Rad1 Rxd1 19. Nxd1 Rd8 20. Ne3 Bxe3
21. fxe3 Rd2 22. Rf2 Rxf2 23. Kxf2 a5 24. a3 b5 25. h4 h5 26. g3 Be4 27. c3 Kd7 28. g4 hxg4 29. Kg3 Bf3 30. Kf4 Be2
31. h5 g3 32. Kxg3 Bxh5 33. Kh4 Be2 34. Kg5 Kc6
0-1

[Event "turkeys on parade :  1200 to 1400"]
[Site "SchemingMind.com"]
[Date "2007.09.29"]
[Round "-"]
[White "Manfred Kraut"]
[Black "Fred Fanelli"]
[Result "0-1"]
[WhiteCountry "GER"]
[BlackCountry "USA"]
[WhiteElo "1268"]
[WhiteRD "78"]
[BlackElo "1575"]
[BlackRD "85"]
[GameID "122165"]

1. d4 d5 2. Nc3 e6 3. Bf4 Bd6 4. Bxd6 Qxd6 5. Nf3 Nc6 6. e3 a6 7. Qe2 Nf6 8. O-O-O O-O 9. e4 dxe4 10. Nxe4 Qe7
11. g3 Bd7 12. Qd3 Rad8 13. Bh3 Nxe4 14. Qxe4 Qf6 15. Ne5 Qh6+ 16. Kb1 Qxh3 17. Rd3 Nxe5 18. dxe5 Qh5 19. Qxb7 Qxe5 20. Qxc7 Qxc7
21. Rhd1 Bb5 22. b3 Bxd3 23. cxd3 Qc3 24. Rc1 Qxc1+ 25. Kxc1 Rxd3 26. Kc2 Rfd8
0-1

[Event "turkeys on parade :  1200 to 1400"]
[Site "SchemingMind.com"]
[Date "2007.09.25"]
[Round "-"]
[White "Qetyria"]
[Black "Fred Fanelli"]
[Result "0-1"]
[WhiteCountry "USA"]
[BlackCountry "USA"]
[WhiteElo "1278"]
[WhiteRD "84"]
[BlackElo "1580"]
[BlackRD "72"]
[GameID "122166"]

1. e4 c6 2. Qf3 d5 3. exd5 cxd5 4. Nh3 Nf6 5. Ng5 h6 6. Nh3 Qc7 7. Nf4 Qxc2 8. Ne2 Nc6 9. Na3 Qe4 10. d3 Qxf3
11. gxf3 e6 12. Bh3 Ne5 13. d4 Nxf3+ 14. Kf1 b6 15. Bg2 Nh4 16. Bh3 Bd6 17. Nb5 Ne4 18. f3 Nxf3 19. Bg4 Nxh2+ 20. Ke1 Nxg4
21. Nxd6+ Nxd6 22. Rg1 h5 23. b3 Ba6 24. Nf4 Rc8 25. Ba3 Nb5 26. Bb4 Nxd4 27. Rd1 Nc2+ 28. Kd2 Nxb4 29. a3 Rc2+ 30. Ke1 Nd3+
31. Rxd3 Bxd3 32. Nxd3 O-O 33. Rf1 Rfc8 34. Nb4 Rc1+ 35. Ke2 Rxf1 36. Kxf1 h4 37. Nd3 g5 38. b4 Rc3 39. Ke2 h3 40. Ne1 h2
0-1

[Event "turkeys on parade :  1200 to 1400"]
[Site "SchemingMind.com"]
[Date "2007.10.03"]
[Round "-"]
[White "jhobeck"]
[Black "lame wolf"]
[Result "1-0"]
[WhiteCountry "USA"]
[BlackCountry "INT"]
[WhiteElo "1365"]
[WhiteRD "70"]
[BlackElo "1157"]
[BlackRD "48"]
[GameID "123149"]

1. e4 d5 2. exd5 Qxd5 3. Nc3 Qd8 4. d4 Nf6 5. Nf3 Bg4 6. Bc4 Bxf3 7. gxf3 e6 8. Bf4 c5 9. Bb5+ Nc6 10. Qd3 Bd6
11. O-O-O Bxf4+ 12. Kb1 O-O 13. Rhg1 Bxh2 14. Rg5 Nd5 15. Rh5 Nf4 16. Qxh7#
1-0

[Event "turkeys on parade :  1200 to 1400"]
[Site "SchemingMind.com"]
[Date "2007.10.03"]
[Round "-"]
[White "jhobeck"]
[Black "Manfred Kraut"]
[Result "1-0"]
[WhiteCountry "USA"]
[BlackCountry "GER"]
[WhiteElo "1356"]
[WhiteRD "72"]
[BlackElo "1246"]
[BlackRD "67"]
[GameID "123150"]

1. e4 e5 2. Bc4 Nf6 3. d3 Bc5 4. Nc3 d6 5. Nf3 Nc6 6. O-O O-O 7. Bg5 h6 8. Bxf6 Qxf6 9. Nd5 Qd8 10. h3 Be6
11. Qe2 a6 12. Rfe1 b5 13. Bb3 a5 14. Nh4 Qxh4 15. Nxc7 Rac8 16. Nxe6 Rfe8 17. Nxc5 Nd4 18. Qg4 Qxg4 19. hxg4 a4 20. Bxf7+ Kxf7
21. Nb7 Nxc2 22. Nxd6+ Ke7 23. Nxc8+ Rxc8 24. Rac1 Kd7 25. Red1 b4 26. d4 Nxd4 27. Rxc8 Kxc8 28. Rc1+ Kd7 29. Rc4 b3 30. a3 Ke6
31. Rxa4 Ne2+ 32. Kf1 Nd4 33. Ra6+ Kf7 34. Ra7+ Kg6 35. a4
1-0

[Event "turkeys on parade :  1200 to 1400"]
[Site "SchemingMind.com"]
[Date "2007.10.03"]
[Round "-"]
[White "jhobeck"]
[Black "Qetyria"]
[Result "1-0"]
[WhiteCountry "USA"]
[BlackCountry "USA"]
[WhiteElo "1365"]
[WhiteRD "70"]
[BlackElo "1238"]
[BlackRD "94"]
[GameID "123151"]

1. e4 e5 2. Bc4 Qf6 3. Nf3 c6 4. Nc3 Bc5 5. d3 d5 6. exd5 b5 7. Bg5 Qf5 8. Qe2 bxc4 9. O-O-O Na6 10. Rhe1 cxd5
11. Nxd5 f6 12. Bh4 Nh6 13. Nxe5 O-O 14. Nc6 Bd7 15. Nce7+ Kf7 16. Nxf5 Rfe8 17. Qh5+ Kf8 18. Nxf6 gxf6 19. Qxh6+ Kf7 20. Qxf6+ Kg8
21. Qg7#
1-0

[Event "turkeys on parade :  1200 to 1400"]
[Site "SchemingMind.com"]
[Date "2007.10.03"]
[Round "-"]
[White "jhobeck"]
[Black "Fred Fanelli"]
[Result "0-1"]
[WhiteCountry "USA"]
[BlackCountry "USA"]
[WhiteElo "1365"]
[WhiteRD "70"]
[BlackElo "1575"]
[BlackRD "85"]
[GameID "123152"]

1. e4 c6 2. d4 d5 3. f3 dxe4 4. fxe4 e5 5. Nf3 Bg4 6. Bg5 Be7 7. Nxe5 Bxd1 8. Bc4 Bh5 9. Nd2 Nd7 10. g4 Nxe5
11. gxh5 Bxg5 12. O-O-O Nxc4 13. b3 Qxd4 14. Rhe1 Nf6 15. e5 Qa1#
0-1

[Event "turkeys on parade :  1200 to 1400"]
[Site "SchemingMind.com"]
[Date "2007.10.04"]
[Round "-"]
[White "lame wolf"]
[Black "jhobeck"]
[Result "1-0"]
[WhiteCountry "INT"]
[BlackCountry "USA"]
[WhiteElo "1157"]
[WhiteRD "48"]
[BlackElo "1365"]
[BlackRD "70"]
[GameID "123153"]

1. b4 e5 2. a3 c5 3. b5 d5 4. a4 a6 5. e3 axb5 6. Nc3 Nf6 7. Nxb5 Ne4 8. Nf3 Nc6 9. c3 Qf6 10. d3 Nxc3
11. Nxc3 Be6 12. e4 d4 13. Nd5 Rd8 14. Nxf6+ gxf6 15. Qb3 Bxb3 16. a5 Nb4 17. Ra3 Nc2+ 18. Kd2 Nb4 19. Rxb3 Bh6+ 20. Kd1 Bxc1
21. Kxc1 Na2+ 22. Kb2 Nc3 23. Rxb7 Na4+ 24. Ka3 Nc3 25. a6 Ra8 26. a7 O-O 27. g4 Rfb8 28. Rxb8+ Rxb8 29. axb8=Q+ Kg7 30. Bh3
1-0

[Event "turkeys on parade :  1200 to 1400"]
[Site "SchemingMind.com"]
[Date "2007.10.03"]
[Round "-"]
[White "Manfred Kraut"]
[Black "jhobeck"]
[Result "0-1"]
[WhiteCountry "GER"]
[BlackCountry "USA"]
[WhiteElo "1268"]
[WhiteRD "78"]
[BlackElo "1365"]
[BlackRD "70"]
[GameID "123154"]

1. e4 d5 2. d4 e6 3. Nc3 Nf6 4. e5 Nfd7 5. Nf3 a6 6. Bd3 c5 7. dxc5 Bxc5 8. O-O Nc6 9. a3 Ndxe5 10. Nxe5 Nxe5
11. Bf4 Nxd3 12. Qxd3 h6 13. Rfe1 Qh4 14. g3 Qh3 15. Ne2 g5 16. Be3 b6 17. b4 Bb7 18. bxc5 d4
0-1

[Event "turkeys on parade :  1200 to 1400"]
[Site "SchemingMind.com"]
[Date "2007.10.03"]
[Round "-"]
[White "Qetyria"]
[Black "jhobeck"]
[Result "0-1"]
[WhiteCountry "USA"]
[BlackCountry "USA"]
[WhiteElo "1189"]
[WhiteRD "83"]
[BlackElo "1303"]
[BlackRD "74"]
[GameID "123155"]

1. e3 e5 2. Qf3 Nf6 3. Nh3 d5 4. Ng5 Be7 5. d4 Bg4 6. Qg3 Bb4+ 7. c3 Ba5 8. Qxe5+ Qe7 9. Bb5+ c6 10. Bd3 Bc7
11. Qxe7+ Kxe7 12. f3 Bh5 13. g4 Nxg4 14. fxg4 Bxg4 15. Nxh7 Nd7 16. Ng5 Bg3+ 17. Kf1 Bh4 18. Nh7 Rhe8 19. h3 Bf3 20. Rh2 Kd6
21. Rf2 Bxf2 22. Kxf2 Bh5 23. a4 Re7 24. e4 dxe4 25. Bf4+ Ke6 26. Bxe4 Rae8 27. Nd2 f5 28. Bd3 Kd5 29. Bxf5 Re2+ 30. Kg3 R8e7
31. Be4+ Ke6 32. Ng5+ Kf6 33. Bf3 Bxf3 34. Kxf3 Nf8
0-1

[Event "turkeys on parade :  1200 to 1400"]
[Site "SchemingMind.com"]
[Date "2007.10.04"]
[Round "-"]
[White "Fred Fanelli"]
[Black "jhobeck"]
[Result "1-0"]
[WhiteCountry "USA"]
[BlackCountry "USA"]
[WhiteElo "1580"]
[WhiteRD "72"]
[BlackElo "1356"]
[BlackRD "72"]
[GameID "123156"]

1. e4 Nf6 2. e5 Nd5 3. c4 Nb6 4. d4 d6 5. Nf3 g6 6. Nc3 Bg7 7. exd6 cxd6 8. Be3 O-O 9. Be2 Qc7 10. b3 Be6
11. Rc1 Bf5 12. Nb5 Qd7 13. Bd3 Bxd3 14. Qxd3 Qc6 15. O-O N8d7 16. d5 Qc8 17. Bd4 Bh6 18. Be3 Bg7 19. Bd4 Bh6 20. Nc3 Bxc1
21. Rxc1 Nf6 22. Ne4 Nh5 23. Be3 e6 24. dxe6 Qc6 25. exf7+ Rxf7 26. c5 Nd5 27. cxd6 Nb4 28. Qb1 Qd5 29. Rd1 Qe6 30. Neg5 Qf6
31. Nxf7 Qxf7 32. d7 Nc6 33. Ne5 Rd8 34. Nxf7 Rf8 35. Ne5
1-0

[Event "turkeys on parade :  1200 to 1400"]
[Site "SchemingMind.com"]
[Date "2007.10.07"]
[Round "-"]
[White "Max Webster"]
[Black "lame wolf"]
[Result "1-0"]
[WhiteCountry "CAN"]
[BlackCountry "INT"]
[WhiteElo "1357"]
[WhiteRD "102"]
[BlackElo "1157"]
[BlackRD "48"]
[GameID "123590"]

1. e4 d5 2. e5 d4 3. Bc4 e6 4. Nf3 c5 5. O-O Nc6 6. Bb5 a6 7. Bxc6+ bxc6 8. c3 dxc3 9. dxc3 Qa5 10. Bd2 Ne7
11. b4 cxb4 12. cxb4 Qd5 13. Nc3 Qd8 14. Bg5 Qxd1 15. Raxd1 Nd5 16. Nxd5 cxd5 17. Nd4 Ra7 18. a3 Be7 19. Bxe7 Rxe7 20. Rc1 O-O
21. Rc2 Bd7 22. Rfc1 g6 23. Rc7 Rc8 24. Rxc8+ Bxc8 25. Rxc8+ Kg7 26. g3 f6 27. exf6+ Kxf6 28. f4 e5 29. fxe5+ Rxe5 30. Rc6+ Kg5
31. Nf3+
1-0

[Event "turkeys on parade :  1200 to 1400"]
[Site "SchemingMind.com"]
[Date "2007.10.08"]
[Round "-"]
[White "Max Webster"]
[Black "Manfred Kraut"]
[Result "0-1"]
[WhiteCountry "CAN"]
[BlackCountry "GER"]
[WhiteElo "1355"]
[WhiteRD "82"]
[BlackElo "1246"]
[BlackRD "67"]
[GameID "123591"]

1. e4 e5 2. Nf3 Nc6 3. Bc4 Bc5 4. O-O Nf6 5. d3 O-O 6. Bg5 h6 7. Bxf6 Qxf6 8. c3 d6 9. b4 Bb6 10. b5 Na5
11. Bb3 a6 12. bxa6 Rxa6 13. Nbd2 Be6 14. Bxe6 Qxe6 15. c4 c5 16. Rb1 Nc6 17. Qc1 Nd4 18. Nxd4 exd4 19. Re1 Qd7 20. h3 Qc6
21. a3 Rfa8 22. e5 Rxa3 23. exd6 Qxd6 24. Ne4 Qg6 25. Qf4 Rxd3 26. Nd6 Bc7 27. Rxb7 Bxd6 28. Qg4 Qxg4 29. hxg4 f6 30. Rd7 Be5
31. Rd5 Kf7 32. Rxc5 Re8 33. Rc1 Bf4 34. Rc2 Re1#
0-1

[Event "turkeys on parade :  1200 to 1400"]
[Site "SchemingMind.com"]
[Date "2007.10.07"]
[Round "-"]
[White "Max Webster"]
[Black "jhobeck"]
[Result "1-0"]
[WhiteCountry "CAN"]
[BlackCountry "USA"]
[WhiteElo "1355"]
[WhiteRD "82"]
[BlackElo "1356"]
[BlackRD "72"]
[GameID "123592"]

1. e4 Nf6 2. e5 Nd5 3. Bc4 Nb4 4. Nf3 e6 5. O-O d5 6. Bb3 Bc5 7. d4 Bb6 8. c3 N4c6 9. Bg5 f6 10. exf6 gxf6
11. Bh4 Na6 12. a3 Qd6 13. Bxf6 Bd7 14. Bxh8 O-O-O 15. Be5 Nxe5 16. Nxe5 Qf8 17. Nxd7 Rxd7 18. Re1 Qf6 19. Qe2 Rf7 20. Qxe6+ Qxe6
21. Rxe6 c6 22. Nd2 Bd8 23. c4 Bh4 24. g3 Bg5 25. Nf1 Rf3 26. cxd5 Rxb3 27. dxc6 bxc6 28. Rxc6+ Nc7 29. f4 Bf6 30. Rxf6 Rxb2
31. Rc1
1-0

[Event "turkeys on parade :  1200 to 1400"]
[Site "SchemingMind.com"]
[Date "2007.10.08"]
[Round "-"]
[White "Max Webster"]
[Black "Qetyria"]
[Result "1-0"]
[WhiteCountry "CAN"]
[BlackCountry "USA"]
[WhiteElo "1361"]
[WhiteRD "85"]
[BlackElo "1212"]
[BlackRD "80"]
[GameID "123593"]

1. e4 d5 2. e5 e6 3. d4 f6 4. Nf3 fxe5 5. Bg5 Nf6 6. Nxe5 Qd6 7. Bxf6 gxf6 8. Qh5+ Ke7 9. Qf7+ Kd8 10. Qxf6+ Qe7
11. Nf7+ Ke8 12. Qxe7+ Bxe7 13. Nxh8 Bf6 14. Bd3 Bxh8 15. Bxh7 Nc6 16. c3 e5 17. dxe5 Bxe5 18. O-O d4 19. Re1 Be6 20. Na3 dxc3
21. bxc3 Rd8 22. Nc4 Bxc4 23. h3 Rd7 24. Bc2 Kd8 25. Ba4 b5 26. Bb3 Bxc3 27. Bxc4 Bxe1 28. Rxe1 bxc4 29. Re3 Rd1+ 30. Kh2 Rc1
31. g4 c3 32. g5 c2 33. Rc3 Ne7 34. h4 Ng8 35. h5 Rd1 36. Rxc2 Rd7 37. h6
1-0

[Event "turkeys on parade :  1200 to 1400"]
[Site "SchemingMind.com"]
[Date "2007.10.07"]
[Round "-"]
[White "Max Webster"]
[Black "Fred Fanelli"]
[Result "0-1"]
[WhiteCountry "CAN"]
[BlackCountry "USA"]
[WhiteElo "1361"]
[WhiteRD "85"]
[BlackElo "1589"]
[BlackRD "75"]
[GameID "123594"]

1. e4 c6 2. d4 d5 3. e5 Bf5 4. Bd3 Bxd3 5. Qxd3 e6 6. Nf3 c5 7. Qb5+ Qd7 8. Qxd7+ Nxd7 9. Be3 Be7 10. O-O f6
11. exf6 Ngxf6 12. h3 O-O 13. Nbd2 c4 14. Bg5 h6 15. Bxf6 Nxf6 16. c3 Nh7 17. b3 b5 18. b4 Ng5 19. Nxg5 Bxg5 20. Nf3 Bf4
21. a4 a6 22. axb5 axb5 23. Rxa8 Rxa8 24. g3 Bd6 25. Re1 Kf7 26. h4 Ra3 27. Re3 Kf6 28. Kg2 Be7 29. Ne5 Bd6 30. Rf3+ Ke7
31. Re3 Ra2 32. Ng6+ Kf7 33. Nf4 Bxf4 34. gxf4 Kf6 35. Kf3 Rc2 36. Kg4 Rxf2 37. Kg3 Rc2 38. Kh3 h5 39. Kg3 g6 40. Kh3 Rf2
41. Kg3 Rf1 42. Rf3 Rg1+ 43. Kh2 Rg4 44. Kh3 Kf5 45. Re3 Rxf4 46. Kg3 Rg4+ 47. Kh3 g5 48. hxg5 Rxg5 49. Re5+ Kf6 50. Re1 e5
51. dxe5+ Rxe5 52. Rf1+ Rf5 53. Re1 Rf3+ 54. Kh4 Rxc3 55. Kxh5 d4 56. Rf1+ Ke5 57. Kg5 Rg3+ 58. Kh4 Re3 59. Kg4 Kd5 60. Rf5+ Re5
61. Rf8 c3 62. Rf1 d3 63. Rf3 Kd4 64. Kf4 d2
0-1

[Event "turkeys on parade :  1200 to 1400"]
[Site "SchemingMind.com"]
[Date "2007.10.07"]
[Round "-"]
[White "lame wolf"]
[Black "Max Webster"]
[Result "0-1"]
[WhiteCountry "INT"]
[BlackCountry "CAN"]
[WhiteElo "1157"]
[WhiteRD "48"]
[BlackElo "1357"]
[BlackRD "102"]
[GameID "123595"]

1. b4 e5 2. a3 d5 3. d4 e4 4. e3 Nf6 5. c4 Be7 6. cxd5 Nxd5 7. Bb2 O-O 8. Nc3 Nxc3 9. Bxc3 Bf6 10. Be2 b6
11. b5 a6 12. bxa6 Bxa6 13. Bxa6 Rxa6 14. Qb3 c6 15. Ne2 Qd5 16. Qxd5 cxd5 17. O-O Rc8 18. Rfb1 Nd7 19. Nf4 Rxc3 20. Nxd5 Rcxa3
21. Rxa3 Rxa3 22. Nxb6 Nxb6 23. Rxb6 Ra1+
0-1

[Event "turkeys on parade :  1200 to 1400"]
[Site "SchemingMind.com"]
[Date "2007.10.08"]
[Round "-"]
[White "Manfred Kraut"]
[Black "Max Webster"]
[Result "1/2-1/2"]
[WhiteCountry "GER"]
[BlackCountry "CAN"]
[WhiteElo "1246"]
[WhiteRD "67"]
[BlackElo "1355"]
[BlackRD "82"]
[GameID "123596"]

1. e4 e5 2. f4 exf4 3. Nf3 d5 4. exd5 Bg4 5. Qe2+ Qe7 6. Qxe7+ Bxe7 7. d4 Bxf3 8. gxf3 Bh4+ 9. Ke2 Bf6 10. Bxf4 Bxd4
11. Bh3 Na6 12. c3 Bb6 13. Re1 Ne7 14. Nd2 O-O 15. Kd1 Nxd5 16. Bg3 Rad8 17. Kc2 c5 18. Nc4 h6 19. a4 Rfe8 20. a5 Bc7
21. Bxc7 Naxc7 22. b4 cxb4 23. cxb4 Nxb4+ 24. Kb3 Nd3 25. Rxe8+ Nxe8 26. Rd1 Nc5+ 27. Kc2 Rxd1 28. Kxd1 Nd3 29. Kd2 Nc5 30. Kc3 f6
31. Kd4 Nb3+ 32. Kd5 Kf8 33. Ke6 Nd4+ 34. Kd7 b6 35. axb6 axb6 36. Nxb6 Nxf3 37. Nd5 Nxh2 38. Nf4 g5 39. Ne6+ Kf7 40. Nd8+ Kf8
41. Ne6+= Kf7 42. Nd8+ Kf8 43. Ne6+ Kf7
1/2-1/2

[Event "turkeys on parade :  1200 to 1400"]
[Site "SchemingMind.com"]
[Date "2007.10.07"]
[Round "-"]
[White "jhobeck"]
[Black "Max Webster"]
[Result "0-1"]
[WhiteCountry "USA"]
[BlackCountry "CAN"]
[WhiteElo "1356"]
[WhiteRD "72"]
[BlackElo "1355"]
[BlackRD "82"]
[GameID "123597"]

1. e4 e5 2. Bc4 Nf6 3. d3 h6 4. Nc3 Bb4 5. a3 Bxc3+ 6. bxc3 d6 7. Nf3 Bg4 8. h3 Bxf3 9. Qxf3 Nbd7 10. O-O a6
11. d4 b5 12. dxe5 Nxe5 13. Qe2 bxc4 14. Rb1 O-O 15. Bf4 Ng6 16. Rbe1 Nxf4 17. Qe3 Ne6 18. e5 Nd5 19. Qe4 Nxc3 20. Qxc4 Nb5
21. exd6 Qxd6 22. a4 Na3 23. Qc3 Rab8 24. Qe3 Nxc2 25. Qc3 Ncd4 26. Re4 c5 27. Rfe1 Rb3 28. Qa5 Rfb8 29. Qd2 Rb1 30. Qe3 Nc2
31. Qd2 Rxe1+
0-1

[Event "turkeys on parade :  1200 to 1400"]
[Site "SchemingMind.com"]
[Date "2007.10.08"]
[Round "-"]
[White "Qetyria"]
[Black "Max Webster"]
[Result "0-1"]
[WhiteCountry "USA"]
[BlackCountry "CAN"]
[WhiteElo "1278"]
[WhiteRD "84"]
[BlackElo "1355"]
[BlackRD "82"]
[GameID "123598"]

1. e3 e5 2. Qf3 Qf6 3. Nh3 Qxf3 4. gxf3 h6 5. f4 e4 6. Bc4 Be7 7. d3 exd3 8. Bxd3 Nf6 9. Rg1 O-O 10. b4 Bxb4+
11. c3 Ba5 12. Ba3 d6 13. Nd2 Bxc3 14. Rc1 Bxd2+ 15. Kxd2 Bxh3 16. Rxc7 b6 17. Rb7 Nbd7 18. Bxd6 Rfe8 19. Rc1 Ne4+ 20. Ke2 Nxd6
21. Rxd7 Bxd7 22. Rc7 Bb5 23. h4 Bxd3+ 24. Kxd3 Rad8
0-1

[Event "turkeys on parade :  1200 to 1400"]
[Site "SchemingMind.com"]
[Date "2007.10.07"]
[Round "-"]
[White "Fred Fanelli"]
[Black "Max Webster"]
[Result "1-0"]
[WhiteCountry "USA"]
[BlackCountry "CAN"]
[WhiteElo "1575"]
[WhiteRD "85"]
[BlackElo "1357"]
[BlackRD "102"]
[GameID "123599"]

1. c4 e5 2. Nc3 Nf6 3. Nf3 e4 4. Ng5 Qe7 5. Qc2 d6 6. Nd5 Nxd5 7. Nxe4 Nb4 8. Qa4+ N4c6 9. Nc3 Bd7 10. d3 Nd4
11. Qd1 g6 12. e3 Bh6 13. Nd5 Qd8 14. exd4 Bxc1 15. Qxc1 Bc6 16. Ne3 O-O 17. Be2 Re8 18. O-O Qg5 19. Ng4 Qe7 20. Re1 Qd8
21. Qf4 Nd7 22. Nh6+ Kg7 23. d5 Qf6 24. Qxf6+ Nxf6 25. dxc6 Kxh6 26. cxb7 Rab8 27. Bf3 Rxe1+ 28. Rxe1 Kg7 29. Bc6 h5 30. Re7 a5
31. Rxc7 Kf8 32. Rc8+ Rxc8 33. bxc8=Q+ Kg7 34. Qb7
1-0